Music Quiz

Random Music or Classical Quiz

Musical Terminology Click Quiz Stats

 Plays Quiz Updated Mar 26, 2019

Score 0/21 Timer 05:00
5 Plays Today
% Correct
Accelerando
84.7%
Espressivo
83.5%
Fine
79.1%
Molto
78.1%
Spirito
77.6%
Diminuendo
77.6%
Pianissimo
76%
Da Capo
75.9%
Sostenuto
75.4%
Maestoso
74.2%
Staccato
72.1%
% Correct
Tutti
70.5%
Ritardando
69.5%
Meno
67.8%
Dolce
66.9%
Allegretto
64.1%
Legato
60.7%
Grave
60.1%
Sforzando
55.3%
Adagio
52.4%
Presto
51.5%

You're not logged in!

Compare scores with friends on all Sporcle quizzes.
OR
Log In

You Might Also Like...

Show Comments

Extras

Top Quizzes Today


Score Distribution

Your Account Isn't Verified!

In order to create a playlist on Sporcle, you need to verify the email address you used during registration. Go to your Sporcle Settings to finish the process.

Report this User

Report this user for behavior that violates our Community Guidelines.

Details: